Statistics for Q Quiz Things Beginning With Q

Click here to take the quiz!

General Stats

  • This quiz has been taken 42 times
  • The average score is 11 of 15

Answer Stats

Answer% Correct
James Bond character head of British Secret Service?Q
100%
Band led by singer Freddie Mercury?Queen
98%
What you are taking part in now?Quiz
95%
State of Australia?Queensland
93%
4 of these make a Whole one?Quarter
90%
Film director Tarantino's first name?Quentin
90%
The only country beginning with Q?Qatar
88%
Group of 4 musicians?Quartet
88%
Ecuador's Capital?Quito
78%
British monarch who died in 1901?Queen Victoria
70%
Fruit related to the Pear?Quince
50%
Virginian town where HQ of Marine Corps, FBI Academy and NCIS are situated?Quantico
40%
Family Guy character?Quagmire
33%
Non-Government organisation receiving financial support from the Government?Quango
28%
Note that is half the size of a Quarter note?Quaver
23%

Score Distribution

Percentile by Number Answered

Percent of People with Each Score

Your Score History

You have not taken this quiz